|
|
|
|
| LEADER |
00000ny a22000003n 4500 |
| 005 |
2011062300390.0 |
| 008 |
100311s19uu9999us 001 0 eng |
| 035 |
|
|
|a 1318
|
| 040 |
|
|
|a DLC
|c DLC
|d vLex
|
| 090 |
|
|
|c 1048
|d 1048
|
| 110 |
1 |
|
|a Estados Unidos
|
| 240 |
1 |
0 |
|a Constitution
|
| 245 |
3 |
0 |
|a Arkansas Constitution of 1874
|h [Recurso electrn̤ico]
|
| 256 |
|
|
|a Servicio en ln̕ea
|
| 260 |
|
|
|a [St. Paul, Minn.] :
|b West Group,
|c [19--?]
|
| 651 |
|
4 |
|a Estados Unidos
|x Constitucin̤
|
| 740 |
0 |
|
|a vLex Libros (Servicios en ln̕ea)
|
| 856 |
4 |
0 |
|z Acceso restringido
|u http://vlex.com/source/1318
|
| 942 |
|
|
|c BOOK
|
| 999 |
|
0 |
|a Constitutions
|z United States.
|